MDQL
is popping MORE tags! Check the
thread
!
Quizzes
Events
Quiz Creation
Community
Videos
Private Events
Remove Ads
Sign In
Join for FREE
Feedback
Dark Mode
Quiz Categories
Sports
Geography
Music
Movies
Television
Just For Fun
Miscellaneous
History
Literature
Language
Science
Gaming
Entertainment
Religion
Holiday
For Kids
Quiz Lab
Recent
Popular Today
Quiz Kudos Today
Editor Picks
Curator Picks
Quizzes by...
Day
Popularity
Type
Ratings
Length
Year
Community
Subscriptions
Recent Discussions
Orange Saloon
Badges
Playlists
Quests
Create
Leaderboards
Showdown
Live 5
Trivia Bingo
Activity
Puzzle Library
Sporcle Events
Private Events
Virtual Trivia
Globe League
Become a Host
Pub Owners
SporcleCon
Opinionation
Our Games
Videos
Blog
Mobile Apps
Partnerships
Remove Ads and Go Orange
Feedback
History
US Presidents
World Leaders
Politics
Nation
Discovery
War
Decade
Year
Century
Biography
Art
History
US Presidents
World Leaders
Politics
Nation
Discovery
War
Decade
Year
Century
Biography
Art
Random Quiz
Search Sporcle
×
Quiz Lab
Quiz Lab
History
War
Type in answers that appear in a list
Type in answers that appear in a list
Classic
Best Score? Go Orange.
American Wars By Battle Stats
Can you name the American Wars By Battle or Event?
By
JoeA
4m
14 Questions
511 Plays
511 Plays
511 Plays
Comments
Comments
Give Quiz Kudos
Give Quiz Kudos
-
- Ratings
hide this ad
Forced Order
Answers have to be entered in order
Answers have to be entered in order
Random Order
Randomize order of answers
Randomize order of answers
Replay
Link that replays current quiz
Next Quiz
Link to next quiz in quiz playlist
You Got
0%
They Got
Avg Score
58%
Avg Friend Score
Upgrade to see
Score Distribution
Jump to the score distribution portion of the page
Score
0/14
Timer
04:00
0
Plays Today
Battle(s)
War
% Correct
Tet Offensive, Operation Menu
Vietnam War
88.6%
Burning Of Washington
War Of 1812
87.7%
New York Draft Riots, Fort Henry
Civil War
73.4%
Battle Of Osan, Battle of Incheon
Korean War
71.4%
Battle of Manila Bay, Puerto Rican Campaign
Spanish American War
70.1%
Battle Of Buna Gona, Battle Of Leyte Gulf
World War II
68.1%
Brandywine, Germantown
American Revolution
67.9%
Battle(s)
War
% Correct
The Battle of Jutland, Batte Of Kosovo
World War I
64.6%
Battle Of Monterrey
Mexican American War
51.9%
Battle Of Tora-
Bora
War In Afghanistan
43.2%
Battle Of Derne, Battle Of Tripoli Harbor
Barbary War
38.9%
Battle Of Khafji
Persian Gulf War
38.2%
Battle of Burnt Corn
Creek War
26.8%
Battle Of San Jacinto
Texas War of Independence
26%
Quiz Playlist
Details
Report
Send in Message
Add To Playlist
Classic:
Type in answers that appear in a list
Forced Order:
Answers have to be entered in order
Random Order:
Randomize order of answers
Last Updated: Feb 16, 2017
Quiz Scoreboard
CHALLENGE
Sign Up to Join the Scoreboard
Show All
Scores
Hide
Comments
May contain spoilers
Recently Published
Holiday 10x10 Sorting Gallery
by lukepisani3
Holiday
15m
Two Season TV Shows II
by 123Four
Television
10m
Image Sorting: Flags VI
by Barbecue
Geography
2m
More to Explore
Quiz From the Vault
Featured Blog Post
14 Easter Pick-up Lines to Find Eggs With
hide this ad
You Might Also Like...
Tags
War Quiz
America
America Wars
battle
Event
Today's Top Quizzes in History
Browse History
hide this ad
Today's Top Quizzes in War
Browse War
Top Contributed Quizzes in History
1
I Am Born On March 29th
2
Order Up: 1000 Years of World Events I
3
US National Parks Named After People
4
Popular People in 1991
5
Popular People in 1951
6
Popular People in 1981
7
Popular People in 1941
8
Popular People in 1986
9
Popular People in 1976
10
Popular People in 1921
Explore More
Trending Topics
Anime
NBA
Marvel
Crossword
Harry Potter
Disney
Kpop
Song
Country
Soccer
Pokémon
The Office
WWE
Puzzle
NFL
hide this ad
More By:
JoeA
Quiz
Plays
Rating
Category
Featured
Created
Garfield the Cat
1,117
2.67
Entertainment
Nov 19, 2009
US States with Highest Crime Rates
905
1.75
Geography
Jan 14, 2010
Animals By Fact
877
1.15
Science
Nov 19, 2009
Middle Eastern Countries by Capital
746
4.38
Geography
Nov 19, 2009
Animal Farm Symbols
668
4.75
Literature
Mar 25, 2010
Go to Creator's Profile
Score Distribution
Quiz Creator Spotlight
JoeA
Follow
Send a Message
Quizzes Created
-
Created Quiz Play Count
-
More By This Creator
Popular Quizzes Today
1
Find the US States - No Outlines Minefield
2
Colored Red Africa Blitz
3
Find the 'City' Movie
4
The Countries of the World
5
5x2 Blitz: Bands
6
Find the US States
7
Find the Countries of Europe - No Outlines Minefield
8
US States
More History Quizzes
6 to 1: Presidential Sorting Squares
Editor's Pick
Trending Quizzes
Colored Red Europe Blitz I
Colored Red Europe Blitz II
Colored Red Africa Blitz II
Colored Red Europe Blitz III
Colored Red Africa Blitz III
Recently Updated
Odd Team Out - Big 4 Players
pecheneg
Quick Pick: 20 Twenties
pecheneg
March Madness Men's Triple Doubles
pecheneg
How Do You Spell That?
pecheneg
Godzilla Movies
pecheneg
Grab Bag: 4-10 Letters
pecheneg
2024 March Madness Bracket
pecheneg
Famous TV Couples
Peacemaker
Champions League XIs: Real Madrid
pecheneg
Largest US Cities 1790-2010
pecheneg
Trending Topics
Disney
Kpop
Harry Potter
Crossword
Anime
NBA
Marvel
Country
Song
WWE
Puzzle
Pokémon
Soccer
The Office
NFL
Your Account Isn't Verified!
In order to create a playlist on Sporcle, you need to verify the email address you used during registration. Go to your
Sporcle Settings
to finish the process.
Report this User
Report this user for behavior that violates our
Community Guidelines
.
Details:
Send Report
Go to the Sporcle.com Mobile Site →
Comments